| 000 | 00430 a2200157 4500 | ||
|---|---|---|---|
| 020 | _a9781405188401 | ||
| 040 |
_aDLC _bDLC |
||
| 082 | _a181.112 | ||
| 100 | _aRainey, Lee Dian | ||
| 245 |
_aConfucius and Confucianism : the essentials _cLee Dian Rainey |
||
| 260 |
_aUK _bWiley- Blackwell _c2010. |
||
| 300 | _a262 p. | ||
| 650 | _aPhilosophy, Confucian--Confucianism | ||
| 700 | _aLee Dian Rainey | ||
| 942 |
_cBK _k181.112 RAI _2ddc |
||
| 999 |
_c10795 _d10795 |
||